Biblioteca

Los diferentes rostros de Jesús en los evangelios sinópticos (Registro nro. 49973)

Detalles MARC
000 -LÍDER
Campo fijo de descripción fija 01732aab a2200193 i 4500
001 - NÚMERO DE CONTROL
Campo de control 768714001
003 - IDENTIFICADOR DEL NÚMERO DE CONTROL
Campo de control CO-MdFUSB
005 - FECHA Y HORA DE LA ULTIMA TRANSACCIÓN
control field 20221116151810.0
008 - ELEMENTOS DE LONGITUD FIJA -- INFORMACIÓN GENERAL
Campo fijo de descripción fija -- Información general 221116s2002 sp ||||| |||| 00| 0 spa d
040 ## - FUENTE DE CATALOGACIÓN
Idioma de catalogación por
Agencia que realiza la transcripción CO-MdFUSB
Agencia que realiza la modificación CO-MdFUSB
041 ## - CÓDIGO DE IDIOMA
Código de idioma para texto/pista de sonido o título separado spa
100 1# - ASIENTO PRINCIPAL--NOMBRE PERSONAL
Nombre personal Richard, Pablo
Término relacionador autor
245 10 - TÍTULO
Título Los diferentes rostros de Jesús en los evangelios sinópticos
Mención de responsabilidad / Pablo Richard
300 ## - DESCRIPCIÓN FÍSICA
Extensión Número 294 (2002), Páginas 49-56
Dimensiones ; 21 cm
520 ## - NOTA DE RESUMEN, ETC.
Nota de sumario, etc. Hay una antigua tradición en la iglesia que busca definir símbolos de fe o credos. En el siglo IV, después de muchas confrontaciones, se llegó a dos credos fundamentales: el llamado "Credo de los apóstoles" y el "Credo Nicenoconstatinopolitano". La composición de estos credos fue históricamente necesaria para definir claramente la doctrina ortodoxa en contra de las herejías. Estos credos han orientado por los siglos los catecismo y los tratados de teología. El Jesús que aquí parece está claramente definido, filosófica y teológicamente, pero es un Jesús sin rostro. <br/>La evangelización, el encuentro con Jesús y el seguimiento de Jesús en la actualidad no pueden tener como referencia los credos tradicionales. <br/>En la diversidad de tradiciones históricas de este credo evangelizador podremos encontrar los diferentes rostros de Cristo. Este credo de los cuatro evangelios es un texto vivo y abierto, donde nosotros también podemos entrar, para crear en su interior nuevos sentidos y significados. En este artículo buscaremos la diversidad de rostros del Jesús histórico y del Jesús según Marcos, Mateo y Lucas.
630 07 - PUNTO DE ACCESO ADICIONAL DE MATERIA - TÍTULO UNIFORME
Título uniforme Biblia.
773 0# - ASIENTO DE ITEM FUENTE
Título Concilium
Biblionumber 49450
Itemnumber 60418
Parte(s) relacionada(s) / Volumen., número. (mes año), páginas Número 294 (2002), Páginas 49-56
Enumeración y primera página Páginas 49-56
942 ## - TIPO DE MATERIAL (KOHA)
Tipo de Item KOHA Artículos de Revista

No hay ítems disponibles.

Biblioteca FUSBC | Teléfono: (57+4) 349 88 10 Ext. 141| WhatsApp (+57) 3005338115 
E-mail: biblioteca@unisbc.edu.co | Calle 76 87-14 Robledo Palenque, Medellín, Colombia

Con tecnología Koha